书目信息 |
| 题名: |
敦煌邈真赞与对应文献词汇研究
|
|
| 作者: | 姚美玲 , 王泉 著 | |
| 分册: | ||
| 出版信息: | 上海 上海古籍出版社 2020.9 |
|
| 页数: | 330页 | |
| 开本: | 23cm | |
| 丛书名: | 汉字语料库分析丛书 | |
| 单 册: | ||
| 中图分类: | G256.1 | |
| 科图分类: | ||
| 主题词: | 敦煌学--古籍--词汇--研究 | |
| 电子资源: | ||
| ISBN: | 978-7-5325-9749-9 | |
| 000 | 01433nam0 2200289 45 | |
| 001 | 012001004203 | |
| 005 | 20141014152623.0 | |
| 010 | @a978-7-5325-9749-9@dCNY98.00 | |
| 100 | @a20201123d2020 em y0chiy0110 ea | |
| 101 | 0 | @achi |
| 102 | @aCN@b310000 | |
| 105 | @aa z 000yy | |
| 106 | @ar | |
| 200 | 1 | @a敦煌邈真赞与对应文献词汇研究@Adun huang miao zhen zan yu dui ying wen xian ci hui yan jiu@f姚美玲, 王泉著 |
| 210 | @a上海@c上海古籍出版社@d2020.9 | |
| 215 | @a330页@c图@d23cm | |
| 225 | 2 | @a汉字语料库分析丛书@f刘志基主编 |
| 300 | @a上海市哲学社会科学项目 “敦煌碑铭赞与唐代佛徒墓志词汇研究” 2016年度教育部人文社会科学重点研究基地重大项目 华东师范大学中国文字研究与应用中心 “魏晋至宋元明出土实物文字数据库语料深加工研究” | |
| 330 | @a本书由两部分构成。绪论至第四章为词汇研究部分。本部分主要解读“敦煌邈真赞”和“唐代佛徒墓志”两种文献的体例、语言、文字特点,并在此基础上,运用传统的训诂方法,发掘和考释两种文献中的各类词汇。通过分析总结两种文献的词汇特点,探讨两种文献各自在汉语词汇史上的研究价值,揭示一些词汇的发展演变过程和原因。第二部分为文献汇编部分,包括敦煌邈真赞文献和唐代佛徒墓志校录两部分。 | |
| 410 | 0 | @12001 @a汉字语料库分析丛书 |
| 461 | 0 | @12001 @a汉字语料库分析丛书@1701 0@a刘志基主编 |
| 606 | 0 | @a敦煌学@x古籍@x词汇@x研究 |
| 690 | @aG256.1@v5 | |
| 701 | 0 | @a姚美玲@Ayao mei ling@4著 |
| 701 | 0 | @a王泉@Awang quan@4著 |
| 801 | @aCN@bAHXH@c20210922 | |
| 905 | @b1329909-13@dG256.1@e107@f5 | |
| 敦煌邈真赞与对应文献词汇研究/姚美玲, 王泉著.-上海:上海古籍出版社,2020.9 |
| 330页:图;23cm.-(汉字语料库分析丛书/刘志基主编) |
| 上海市哲学社会科学项目 “敦煌碑铭赞与唐代佛徒墓志词汇研究” 2016年度教育部人文社会科学重点研究基地重大项目 华东师范大学中国文字研究与应用中心 “魏晋至宋元明出土实物文字数据库语料深加工研究” |
| ISBN 978-7-5325-9749-9:CNY98.00 |
| 本书由两部分构成。绪论至第四章为词汇研究部分。本部分主要解读“敦煌邈真赞”和“唐代佛徒墓志”两种文献的体例、语言、文字特点,并在此基础上,运用传统的训诂方法,发掘和考释两种文献中的各类词汇。通过分析总结两种文献的词汇特点,探讨两种文献各自在汉语词汇史上的研究价值,揭示一些词汇的发展演变过程和原因。第二部分为文献汇编部分,包括敦煌邈真赞文献和唐代佛徒墓志校录两部分。 |
| ● |
| 相关链接 |
|
|
|
|
正题名:敦煌邈真赞与对应文献词汇研究
索取号:G256.1/107
 
预约/预借
| 序号 | 登录号 | 条形码 | 馆藏地/架位号 | 状态 | 备注 |
| 1 | 1329909 | 213299090 | 第一样本阅览室/ [索取号:G256.1/107] | 在馆 | |
| 2 | 1329910 | 213299107 | 教育系资料室/ [索取号:G256.1/107] | 在馆 | |
| 3 | 1329911 | 213299116 | 教育系资料室/ [索取号:G256.1/107] | 在馆 | |
| 4 | 1329912 | 213299125 | 第四借阅区/ [索取号:G256.1/107] | 在馆 | |
| 5 | 1329913 | 213299134 | 第四借阅区/ [索取号:G256.1/107] | 在馆 |